Footballeurs par image - France Hardcore - Statistiques

Statistiques générales
  • Ce quiz a été pris 547 fois
  • Le résultat moyen est 12 sur 16
Statistiques - réponses
Par images Réponse % Correct
Blaise Matuidi
97%
Florian Thauvin
94%
Bixente Lizarazu
91%
Hatem Ben Arfa
91%
Marcel Desailly
90%
Thomas Lemar
88%
Djibril Cissé
87%
Robert Pirès
87%
Laurent Koscielny
80%
Nicolas Anelka
80%
Moussa Sissoko
77%
Franck Leboeuf
74%
Eric Abidal
64%
Christian Karembeu
56%
Marius Trésor
51%
Luis Fernández
30%
Aucun quiz correspondant
Distribution des résultats
% des personnes avec chaque résultat
Percentile par nombre de réponses
Votre historique - résultats
Vous n’avez pas pris ce quiz